000 00983nam a2200265 i 4500
001 180119
003 ES-MaACL
005 20250828063301.0
008 120419s1999 sp aeop |||| | spa d
020 _a84-95192-32-2
080 _a726.6(460.283C.)
100 1 _aMuelas Alcocer, Domingo,
_d1927-
_9149361
245 1 0 _aGénesis y sombras de la Catedral de Cuenca /
_cDomingo Muelas Alcocer.
260 _aCuenca :
_bDiputación Provincial de Cuenca, Sección de Publicaciones,
_c[1999]
300 _a304 p. :
_bil. col. y n., fot., planos ;
_c24 cm.
490 1 _aHistoria ;
_v27
504 _aBibliografía: p. 295-296.
610 2 7 _aCatedral de Santa María (Cuenca)
_9149832
650 0 4 _aArte religioso-
_zCuenca.
_9149943
710 1 _aCuenca (Provincia).
_bDiputación Provincial.
_93346
830 0 _aHistoria ;
_v27
_9177536
852 _aES-MaACL
_jA-12060
_9187029
_bR.146821
_cDEPO1
_dOlim: N-5065
942 _2udc
_cMONOGRAFIA
999 _c180119
_d180119